| 000 | 00430nam a2200169Ia 4500 | ||
|---|---|---|---|
| 008 | 230711s9999||||xx |||||||||||||| ||und|| | ||
| 020 | _a978-93-5140-373-9 | ||
| 041 | _aENG | ||
| 082 |
_a658.1554 _bGO-P |
||
| 100 | _aGoel,B.S | ||
| 245 | 0 | _aProduction operation management | |
| 250 | _a12th Ed. | ||
| 260 |
_c2015 _aNew Delhi _bPragati Parkashan Meerut |
||
| 300 | _a576p. | ||
| 650 | _aUNIVESITY BUSNIESS SCHOOL | ||
| 942 | _cBK | ||
| 999 |
_c6426 _d6426 |
||